• 首页
  • 本馆介绍
  • 公告通知
  • 最新文献
  • 馆藏检索
  • 电子资源
  • 读者导购
  • 参考咨询
  • 我的图书馆
  • 登录
  • 期刊详细显示
  • 现刊情况显示
  • 合订本情况显示
  • 篇目信息显示

期刊信息

  • 表格格式
  • 工作单格式
  • 卡片格式
索取号 
G4/KFJY
题名 
开放教育研究
作者 
上海电视大学
分册号 
分册名 
出版地 
上海
出版者 
《开放教育研究》编辑部
标准刊号 
1007-2179
出版频率 
双月刊
中图法分类 
G4
主题词 
教育
电子资源 
000 00570nas0 2200205 45
001 0737350656
005 2007090410223065
011    @a1007-2179@d¥30.00
091    @aCN31-1724
100    @a20070904d km y0chiy0120 ea
101 0  @achi
110    @aagaz 0xx0
200 1  @a开放教育研究@AKai Fang Jiao Yu Yan Jiu@f上海电视大学@FShang Hai Dian Shi Da Xue
210    @a上海@c《开放教育研究》编辑部
326    @a双月刊
606 0  @a教育
690    @aG4@v4
701  0 @a上海电视大学@AShang Hai Dian Shi Da Xue
801  0 @aCN@bPFT@c20070904
905    @a213230@dG4@eKFJY
    
    开放教育研究/上海电视大学.-上海:《开放教育研究》编辑部
    
    
    
    ISSN 1007-2179:¥30.00
    
●
相关链接: 在易读查询期刊 在中国知网中查询期刊 在万方数据查询期刊 在维普查询期刊
唐山师范学院图书馆 欢迎您!
大连网信软件有限公司© 版权所有